| 000 | 00570nam a22002177a 4500 | ||
|---|---|---|---|
| 005 | 20190809083009.0 | ||
| 008 | 190523b xxu||||| |||| 00| 0 spa d | ||
| 020 | _a9788468197029 | ||
| 041 | _aspa | ||
| 082 | _a1.2.1 C741c | ||
| 245 | _aComunicación y atención al cliente en hostelería y turismo (transversal) (UF0042) | ||
| 260 | _aEspaña | ||
| 260 | _bCEP | ||
| 260 | _c2018 | ||
| 300 | _a48 páginas | ||
| 650 |
_aHOSTELERÍA _98479 |
||
| 650 |
_aTURISMO _9894 |
||
| 650 |
_aATENCIÓN AL CLIENTE _92068 |
||
| 650 |
_aCUESTIONARIO _9537 |
||
| 942 | _cBK | ||
| 999 |
_c11922 _d11922 |
||